Mathematical elements for computer graphics (Record no. 184325)

000 -LEADER
fixed length control field 00432nam a2200145Ia 4500
008 - FIXED-LENGTH DATA ELEMENTS--GENERAL INFORMATION
fixed length control field 220217s9999||||xx |||||||||||||| ||und||
020 ## - INTERNATIONAL STANDARD BOOK NUMBER
International Standard Book Number 9780070486775
082 ## - DEWEY DECIMAL CLASSIFICATION NUMBER
Classification number 006.6 ROG
100 ## - MAIN ENTRY--PERSONAL NAME
Personal name Rogers, David F and Adams, Alan J
9 (RLIN) 3433
245 #0 - TITLE STATEMENT
Title Mathematical elements for computer graphics
250 ## - EDITION STATEMENT
Edition statement 2nd
260 ## - PUBLICATION, DISTRIBUTION, ETC.
Place of publication, distribution, etc. Tata mcgraw hill company Ltd
Name of publisher, distributor, etc. New Delhi
Date of publication, distribution, etc. 2012
300 ## - PHYSICAL DESCRIPTION
Extent XIX, 611p.
Other physical details 490
650 ## - SUBJECT ADDED ENTRY--TOPICAL TERM
Topical term or geographic name entry element MATHEMATICS
Holdings
Withdrawn status Lost status Damaged status Not for loan Collection code Home library Current library Shelving location Date acquired Full call number Barcode Date last seen Price effective from Koha item type
        Civil Engineering Central Library Central Library Reference 02/18/2022 006.6 ROG 19514 02/18/2022 02/18/2022 Books

Powered by Koha